Bilecik Bilecik Bilecik Bilecik Bilecik

5 adımda en iyi fikri bulmak/ (Record no. 66742)

MARC details
000 -BAŞLIK
Sabit Uzunluktaki Kontrol Alanı 02175nam a22004217a 4500
001 - KONTROL NUMARASI
Control Dosyası 0066303
003 - KONTROL NUMARASI KİMLİĞİ
Kontrol Alanı KOHA_MİRAKIL
005 - EN SON İŞLEM TARİHİ ve ZAMANI
Kontrol Alanı 20260207004637.0
007 - FİZİKSEL TANIM SABİT ALAN - GENEL BİLGİ
Sabit uzunluklu kontrol alanı ta
008 - SABİT UZUNLUKTAKİ VERİ ÖGELERİ - GENEL BİLGİ
Sabit Alan 210819b2019 tu |||gr||||#0|||0|tur |
020 ## - ISBN - ULUSLARARASI STANDART KİTAP NUMARASI
Isbn 9786052314234
040 ## - KATALOGLAMA KAYNAĞI
Özgün Kataloglama Kurumu TR-BiSEU
Kataloglama Dili tur
Çeviri Kurumu TR-BiSEU
Açıklama Kuralları rda
041 0# - DİL KODU
Metin ya da ses kaydının dil kodu tur
044 ## - YAYINLAYAN/ÜRETEN KURULUŞUN ÜLKE KODU
ISO country code tu
050 ## - SINIFLAMA ve YER NUMARASI
Sınıflama Numarası BF441
Yer Numarası .Y68 2019
100 1# - KİŞİ ADI
Yazar Adı (Kişi adı) Young, James Webb.
245 1# - ESER ADI BİLDİRİMİ
Başlık 5 adımda en iyi fikri bulmak/
Sorumluluk Bildirimi James Webb Young ; James Webb Young; Ozan Mert Özkan.
264 #1 - ÜRERİM, YAYIN, DAĞITIM ve TELİF BİLDİRİMİ
Yayın yeri İstanbul :
Yayınlayan Maltepe Üniversitesi Kitapları
Yayın tarihi 2019
300 ## - FİZİKSEL TANIMLAMA
Sayfa, Cilt vb. 88 sayfa ;
Boyutları 22 cm.
336 ## - İÇERİK TÜRÜ
Content type term metin
Content type code txt
Source rdacontent
337 ## - MEDYA TÜRÜ
Media type term aracısız
Media type code n
Source rdamedia
338 ## - TAŞIYICI TÜRÜ
Carrier type term cilt
Carrier type code nc
Source rdacarrier
490 1# - DİZİ BİLDİRİMİ
Dizi Bildirimi Maltepe Üniversitesi Yayınları ;
Cilt Numarası No.
490 1# - DİZİ BİLDİRİMİ
Dizi Bildirimi 7
500 ## - GENEL NOT
Genel Not "Nasıl olur da ilk baskısını 1940'larda yapmış bir kitap, bugünün en parlak yaratıcıları için bu kadar önemli olabilir?
500 ## - GENEL NOT
Genel Not James Webb Young'ı zamanında bu olağanüstü küçük kitabı yazmaya teşvik eden soruyu cevapladığı için: Uygulamada işe yarayan iyi fikir nasıl bulunur?
500 ## - GENEL NOT
Genel Not Elinizdeki kitap, yayınlandığından beri, binlerce reklamcıya, zihinlerinin içindeki bariyerleri aşıp yaratıcılıklarını açığa çıkarmaları için yol gösterdi. Şairlerden ressamlara, bilim insanlarından mühendislere kadar birçok profesyonel heyecan verici fikirler üretebilmek için bu özlü ve güçlü kitaptan faydalandı.
500 ## - GENEL NOT
Genel Not Reklamcılığın büyük ustalarından James Webb Young'ın benzersiz tecrübe ve zekâsı, içinizdeki o büyük, bir türlü ulaşamadığınız fikirleri keşfetmenize yardım edecek, yaratıcılığınızın önündeki gizem perdesini sonsuza kadar kaldıracak."
650 #0 - KONU BAŞLIĞI EK GİRİŞ - KONU TERİMİ
Konusal terim veya coğrafi ad Karar verme--Yargı--Muhakeme--Seçim.
9 (RLIN) 125330
650 #0 - KONU BAŞLIĞI EK GİRİŞ - KONU TERİMİ
Konusal terim veya coğrafi ad Eleştirel düşünme--Problem çözme.
9 (RLIN) 125331
650 #0 - KONU BAŞLIĞI EK GİRİŞ - KONU TERİMİ
Konusal terim veya coğrafi ad Düşünce ve düşünme.
9 (RLIN) 16580
650 #0 - KONU BAŞLIĞI EK GİRİŞ - KONU TERİMİ
Konusal terim veya coğrafi ad Thought and Thinking.
9 (RLIN) 125332
650 #0 - KONU BAŞLIĞI EK GİRİŞ - KONU TERİMİ
Konusal terim veya coğrafi ad Science--Engineering.
9 (RLIN) 125333
830 1# - SERİ EK GİRİŞİ - TEKBİÇİM ESER ADI
Tekbiçim Başlık Maltepe Üniversitesi Yayınları ;
Volume number/sequential designation No.
9 (RLIN) 56431
830 1# - SERİ EK GİRİŞİ - TEKBİÇİM ESER ADI
Tekbiçim Başlık 7
9 (RLIN) 125334
907 ## - LOCAL DATA ELEMENT G, LDG (RLIN)
a Felsefe
942 ## - EK GİRİŞ ÖGELERİ (KOHA)
Source of classification or shelving scheme Library of Congress Classification
Koha item type Book
Holdings
Materyal Türü Kalıcı Konum Mevcut Konum Raf Yeri Sınıflandırma Kaynağı Edinim Bilgisi Ana Konular Alt Konular Yer Numarası Demirbaş Numarası Fatura Tarihi Geri Çekilme Durumu Kayıp Durumu Hasarlı Durumu Kredi için değil Kayıt Tarih Toplam Ödünçverme Son Görülme Tarihi Son Kontrol Tarihi Genel / Bağış Notu
Book Prof. Dr. Azmi Özcan Kütüphanesi Prof. Dr. Azmi Özcan Kütüphanesi Uluğbey Salonu Library of Congress Classification Bağış FELSEFE, PSİKOLOJİ, DİN Psikoloji BF441 .Y68 2019 0066303 02/02/2026         19/08/2021 1 05/03/2025 05/03/2025 Genel Bağış